000 00273nam a2200109Ia 4500
008 190216s9999||||xx |||||||||||||| ||und||
100 _aGeorge B Thomas
245 0 _aCalculus & Analytic Geometry
260 _bJr.Adison Wesley Pub.Co.
650 _aMathematics
942 _cBK
999 _c30409
_d30409